00748nam a2200193 a 450000100100000000500170001000800410002702000140006804000250008210000310010724501160013826000400025430000360029453400610033070000320039104900090042395201050043299900170053700003433420200930073638.0110929s2001 es ac 000 0 spa d a846620408 aDO-SdBNPbspacBNPHU1 aRive Box, Rob de La95970213aLa enciclopedia de los coches de época :b1886-1940 /cRob de la Rive Box ; traducción, José Luis Tamayo. aAlcobendas, Madrid :bLibsa,c2001. a336 p. :bil., retrs. ;c24 cm. aTítulo originalkVintage and veteran car encyclopaedia1 aTamayo, José Luis,959703 aBNPD 001050718MOaGRbGRcCTd2011-10-03iLF1l0o p34334-10r2020-06-25w2020-06-25y1ZNo se presta c33825d33825